[Event "Reykjavik Open"]
[Site "Reykjavik ISL"]
[Date "2012.03.11"]
[Round "6.30"]
[White "Ornolfsson, Magnus P"]
[Black "Moen, Andreas"]
[Result "0-1"]
[BlackTitle "FM"]
[WhiteElo "2175"]
[BlackElo "2360"]
[WhiteFideId "2301016"]
[BlackFideId "1501453"]
[EventDate "2012.03.06"]

1. e4 c5 2. Nf3 Nc6 3. c3 Nf6 4. e5 Nd5 5. d4 cxd4 6. cxd4 d6 7. exd6 e6 8. Nc3
Bxd6 9. Bd3 Qa5 10. O-O Nxc3 11. bxc3 Qxc3 12. Rb1 Qa5 13. Rb5 Qc7 14. Qe2 Be7
15. Bg5 a6 16. Bxe7 axb5 17. Bh4 Qd6 18. Bxb5 O-O 19. Bg3 Qd5 20. Bc4 Nxd4 21.
Nxd4 Qxd4 22. Be5 Qh4 23. Rd1 Rd8 24. Bb3 Rxd1+ 25. Qxd1 Qe7 26. Qg4 f6 27. Bb2
Bd7 28. h4 Kh8 29. h5 e5 30. Qe4 Bc6 31. Qf5 Qd7 32. Qc2 Qg4 0-1

[Event "Reykjavik Open"]
[Site "Reykjavik ISL"]
[Date "2012.03.11"]
[Round "6.31"]
[White "Halldorsson, Bragi"]
[Black "Kjartansson, Gudmundur"]
[Result "0-1"]
[BlackTitle "IM"]
[WhiteElo "2178"]
[BlackElo "2357"]
[WhiteFideId "2300907"]
[BlackFideId "2301318"]
[EventDate "2012.03.06"]

1. d4 g6 2. c4 Nf6 3. Nc3 d5 4. Nf3 Bg7 5. g3 O-O 6. Bg2 Nc6 7. cxd5 Nxd5 8. e4
Nb6 9. d5 Na5 10. O-O c6 11. dxc6 bxc6 12. Qc2 Bg4 13. h3 Be6 14. b3 Qc8 15. Kh2
c5 16. Bg5 Nc6 17. Rac1 h6 18. Be3 c4 19. Bxb6 axb6 20. Nd5 Bxd5 21. exd5 Nb4
22. Qxc4 Nxa2 23. Qxc8 Raxc8 24. Rc6 Nb4 25. Rxb6 Nxd5 26. Rb7 e6 27. Nd2 Rc2
28. Nc4 Bd4 29. Kg1 Nc3 30. Nd6 f5 31. Re7 f4 32. gxf4 Ne2+ 33. Kh1 Nxf4 34. Ne4
Nxg2 35. Kxg2 Rf4 36. Re1 e5 37. b4 h5 38. b5 h4 39. b6 Bxb6 40. Rxe5 Bxf2 41.
Nxf2 Rfxf2+ 42. Kg1 Rg2+ 43. Kh1 Rh2+ 44. Kg1 Rxh3 45. Rg5 Kh7 46. Rg4 Rcc3 47.
Ree4 Rcg3+ 48. Rxg3 Rxg3+ 49. Kh2 g5 50. Re6 Kg7 51. Ra6 Rf3 52. Kg2 Rf6 53. Ra4
Kg6 54. Kh3 Kh5 55. Ra5 Rf3+ 56. Kg2 Rb3 57. Kh2 Re3 58. Kg2 Kg6 59. Rb5 Kh5 60.
Kf2 Rg3 61. Rb4 Rg4 62. Rb8 Rf4+ 63. Kg2 Kg4 64. Rb2 Re4 65. Ra2 h3+ 66. Kh2 Kh4
67. Ra8 Re2+ 68. Kh1 g4 69. Ra4 Kg3 70. Ra1 Kf3 71. Kg1 g3 72. Rf1+ Kg4 73. Ra1
h2+ 0-1

[Event "Reykjavik Open"]
[Site "Reykjavik ISL"]
[Date "2012.03.11"]
[Round "6.33"]
[White "Scholzen, Wolfgang"]
[Black "Gislason, Gudmundur"]
[Result "0-1"]
[WhiteElo "2127"]
[BlackElo "2346"]
[WhiteFideId "24637629"]
[BlackFideId "2300559"]
[EventDate "2012.03.06"]

1. d4 Nf6 2. Nf3 g6 3. c4 Bg7 4. Nc3 d5 5. e3 O-O 6. cxd5 Nxd5 7. Bc4 Nb6 8. Bb3
c5 9. O-O c4 10. Bc2 Nc6 11. a3 e5 12. d5 Ne7 13. e4 Bd7 14. Bg5 f6 15. Bh4 g5
16. Bg3 Ng6 17. b3 h5 18. h4 Bg4 19. Qc1 Bxf3 20. gxf3 gxh4 21. Bh2 Qc8 22. bxc4
Qh3 23. c5 Kh7 24. Ne2 Bh6 25. f4 Rg8 26. Bg3 Nxf4 27. Nxf4 Bxf4 28. Qd1 Rxg3+ 0-1

[Event "Reykjavik Open"]
[Site "Reykjavik ISL"]
[Date "2012.03.11"]
[Round "6.34"]
[White "Mertens, Heiko"]
[Black "Lasinskas, Povilas"]
[Result "0-1"]
[BlackTitle "FM"]
[WhiteElo "2336"]
[BlackElo "2170"]
[WhiteFideId "24601616"]
[BlackFideId "12800503"]
[EventDate "2012.03.06"]

1. e4 e5 2. Nf3 d6 3. d4 Nd7 4. Bc4 c6 5. dxe5 dxe5 6. Ng5 Nh6 7. O-O Bc5 8. Qh5
Nf6 9. Qh4 O-O 10. Nc3 Qe7 11. h3 b5 12. Bb3 Kh8 13. Bd2 a5 14. a3 Ba6 15. Rfe1
Rad8 16. Nf3 Nhg8 17. Bg5 Qc7 18. Nd1 Rde8 19. Ne3 h6 20. Nf5 Nh7 21. Bd2 Ne7
22. Nxg7 Kxg7 23. Bxh6+ Kh8 24. Bxf8 Ng6 25. Qh5 Nf4 26. Qh4 Rxf8 27. Ng5 f6 28.
Ne6 Nxe6 29. Bxe6 Bc8 30. Bxc8 Rxc8 31. Rad1 Rg8 32. Re2 Qg7 33. g4 b4 34. axb4
axb4 35. Rd3 Qg5 36. Qxg5 Nxg5 37. Kh2 Ne6 38. Red2 Nf4 39. Rd7 Bd4 40. Rc7 Ne6
41. Rxc6 Ng5 42. Re2 Bxb2 43. Kg3 Ra8 44. Rxf6 Ra3+ 45. Kh4 Bc1 46. f4 Nxh3 47.
Re1 Bxf4 48. Kh5 Kg7 49. Rb6 Ng5 50. Rb7+ Nf7 51. Rh1 Ra8 52. g5 Rh8+ 53. Kg4
Rxh1 54. Kf5 Rf1 55. Ke6 Bd2 56. Rd7 Bxg5 0-1

[Event "Reykjavik Open"]
[Site "Reykjavik ISL"]
[Date "2012.03.11"]
[Round "6.35"]
[White "Skoien, Havard"]
[Black "Johannesson, Ingvar Thor"]
[Result "0-1"]
[BlackTitle "FM"]
[WhiteElo "2121"]
[BlackElo "2331"]
[WhiteFideId "1503278"]
[BlackFideId "2301490"]
[EventDate "2012.03.06"]

1. d4 Nf6 2. c4 c5 3. d5 e6 4. Nc3 exd5 5. cxd5 d6 6. Nf3 g6 7. Nd2 Nbd7 8. e4
a6 9. a4 Bg7 10. Be2 O-O 11. O-O Re8 12. f4 Qc7 13. Bf3 Rb8 14. a5 b5 15. axb6
Nxb6 16. h3 h6 17. Nb3 Nc4 18. Qc2 Qb6 19. Be2 Qxb3 20. Qxb3 Rxb3 21. Bxc4 Rb4
22. Bd3 c4 23. Bc2 Nd7 24. Na4 Nc5 25. Bd2 Rb8 26. e5 Nd3 27. b3 dxe5 28. bxc4
Nxf4 29. Rae1 g5 30. Bc3 f5 31. Kh2 e4 32. Bxg7 Kxg7 33. g3 Ng6 34. Rb1 Rxb1 35.
Bxb1 Ne5 36. Nb6 e3 37. Kg2 e2 38. Re1 f4 39. Be4 f3+ 40. Kf2 Bxh3 41. d6 Rf8
42. d7 Ng4+ 0-1

[Event "Reykjavik Open"]
[Site "Reykjavik ISL"]
[Date "2012.03.11"]
[Round "6.36"]
[White "Lagerman, Robert"]
[Black "Olafsson, Thorvardur"]
[Result "1/2-1/2"]
[WhiteTitle "FM"]
[WhiteElo "2315"]
[BlackElo "2147"]
[WhiteFideId "2300362"]
[BlackFideId "2301148"]
[EventDate "2012.03.06"]

1. e4 e5 2. Nf3 Nc6 3. d4 exd4 4. Bc4 Nf6 5. e5 Ng4 6. O-O d6 7. exd6 Qxd6 8.
Re1+ Be7 9. Bg5 O-O 10. Bxe7 Nxe7 11. Qxd4 Qxd4 12. Nxd4 Nf5 13. Nf3 Nd6 14. Bb3
Nf6 15. Nbd2 Bg4 16. Ne5 Rfe8 17. Re3 Be6 18. Ndf3 Bxb3 19. Rxb3 Nfe4 20. Rd1
Re7 21. Ng4 Rae8 22. Ne3 Nf6 23. c4 b6 24. Ra3 a5 25. c5 Nde4 26. Nf5 Re6 27.
N5d4 R6e7 28. Nf5 Re6 29. N5d4 R6e7 30. Nc6 Re6 31. Ncd4 R6e7 1/2-1/2

[Event "Reykjavik Open"]
[Site "Reykjavik ISL"]
[Date "2012.03.11"]
[Round "6.37"]
[White "Lemeaux, David"]
[Black "Thorsteinsson, Erlingur"]
[Result "1-0"]
[WhiteElo "2287"]
[BlackElo "2129"]
[WhiteFideId "613843"]
[BlackFideId "2301091"]
[EventDate "2012.03.06"]

1. d4 b5 2. e4 Bb7 3. Bd3 a6 4. Nf3 Nf6 5. Nbd2 g6 6. c3 Bg7 7. Qe2 O-O 8. a4 c6
9. O-O d6 10. e5 Nd5 11. Ne4 Qc7 12. e6 f6 13. h4 Qc8 14. Re1 Nc7 15. Ng3 f5 16.
h5 Rf6 17. hxg6 hxg6 18. Ng5 Bh6 19. Bxf5 Qf8 20. Bh3 Qg7 21. N3e4 Rf5 22. Bxf5
gxf5 23. Nxd6 exd6 24. e7 Nd7 25. Ne6 Qg6 26. Nxc7 1-0

[Event "Reykjavik Open"]
[Site "Reykjavik ISL"]
[Date "2012.03.11"]
[Round "6.38"]
[White "Goodger, Martyn"]
[Black "Friedrichs, Klaus"]
[Result "0-1"]
[WhiteElo "2098"]
[BlackElo "2283"]
[WhiteFideId "408336"]
[BlackFideId "4654420"]
[EventDate "2012.03.06"]

1. e4 e5 2. Nf3 Nc6 3. d4 exd4 4. Nxd4 Nf6 5. Nxc6 bxc6 6. e5 Qe7 7. Qe2 Nd5 8.
c4 Ba6 9. b3 g6 10. f4 d6 11. Qe4 f5 12. Qf3 Nb4 13. a3 Nc2+ 14. Kf2 Nd4 15.
exd6 cxd6 16. Qd3 Bg7 17. Bb2 c5 18. Nc3 O-O 19. Nd5 Qf7 20. Rb1 Rab8 21. b4
Rfe8 22. Qd2 Re6 23. Bd3 Rbe8 24. Rhe1 Bb7 25. bxc5 Nb3 26. Qc2 Nxc5 27. Bxg7
Qxg7 28. Rxe6 Rxe6 29. Re1 Qd4+ 30. Re3 Bxd5 31. cxd5 Qxe3+ 0-1

[Event "Reykjavik Open"]
[Site "Reykjavik ISL"]
[Date "2012.03.11"]
[Round "6.39"]
[White "Perez, Flavio"]
[Black "Huizer, Mark"]
[Result "1-0"]
[BlackTitle "CM"]
[WhiteElo "2269"]
[BlackElo "2122"]
[WhiteFideId "623911"]
[BlackFideId "1005839"]
[EventDate "2012.03.06"]

1. e4 c5 2. d3 d6 3. g3 g6 4. Bg2 Bg7 5. f4 Nc6 6. Nf3 e6 7. O-O Nge7 8. c3 O-O
9. Be3 Rb8 10. Bf2 b5 11. d4 cxd4 12. cxd4 d5 13. e5 Ba6 14. Re1 b4 15. Nbd2 Na5
16. Nb3 Nxb3 17. axb3 Qb6 18. g4 Bh6 19. Bh4 Rfe8 20. Qd2 Nc6 21. Bf6 Na5 22.
Qe3 Rbc8 23. Ng5 Bg7 24. Bxg7 Kxg7 25. f5 gxf5 26. gxf5 exf5 27. Bxd5 Rc2 28.
Bxf7 Qh6 29. Qg3 Bb7 30. d5 Nxb3 31. Bxe8 Bxd5 32. Rxa7+ Kf8 33. Nxh7+ Kxe8 34.
Nf6+ 1-0

[Event "Reykjavik Open"]
[Site "Reykjavik ISL"]
[Date "2012.03.11"]
[Round "6.41"]
[White "Thompson, Ian D"]
[Black "Eriksen, Magnus"]
[Result "1-0"]
[WhiteTitle "FM"]
[WhiteElo "2255"]
[BlackElo "2108"]
[WhiteFideId "405205"]
[BlackFideId "1509764"]
[EventDate "2012.03.06"]

1. c4 Nf6 2. Nc3 g6 3. g3 Bg7 4. Bg2 O-O 5. Nf3 d5 6. cxd5 Nxd5 7. O-O Nc6 8. d4
Nb6 9. d5 Na5 10. e4 c6 11. dxc6 Nxc6 12. Bf4 Be6 13. Qc1 Rc8 14. Rd1 Qe8 15.
Bh6 f6 16. Bxg7 Kxg7 17. Nd4 Nxd4 18. Rxd4 Rd8 19. Rxd8 Qxd8 20. Qe1 Qb8 21. e5
Qxe5 22. Qxe5 fxe5 23. Bxb7 Rd8 24. Re1 Kf6 25. b3 Bf7 26. Ba6 h5 27. h4 Rd2 28.
Re2 Rd6 29. Kf1 Nd5 30. Nxd5+ Rxd5 31. Ke1 Rc5 32. Bc4 Rc7 33. Rd2 Be6 34. Bxe6
Kxe6 35. Kd1 Kf5 36. Rd3 Rc6 37. Rf3+ Ke6 38. Kd2 Rc5 39. Rc3 Rd5+ 40. Ke2 Rd6
41. Rc4 a6 42. Rc5 Rb6 43. Ke3 Kf7 44. f3 Kf6 45. Rc4 e6 46. g4 Rd6 47. g5+ Kf5
48. Rc7 e4 49. Rf7+ Ke5 50. f4+ Kd5 51. Rc7 e5 52. fxe5 Re6 53. Rc4 Rxe5 54.
Rd4+ Ke6 55. Rxe4 1-0

[Event "Reykjavik Open"]
[Site "Reykjavik ISL"]
[Date "2012.03.11"]
[Round "6.42"]
[White "Jensson, Einar Hjalti"]
[Black "Palsson, Halldor"]
[Result "1-0"]
[WhiteElo "2245"]
[BlackElo "2000"]
[WhiteFideId "2301067"]
[BlackFideId "2301202"]
[EventDate "2012.03.06"]

1. d4 Nf6 2. c4 d6 3. Nc3 g6 4. e4 Bg7 5. f3 Nbd7 6. Be3 c5 7. d5 a6 8. Qd2 h6
9. Nge2 Qa5 10. Nc1 Rb8 11. Nb3 Qc7 12. Be2 h5 13. a4 Ne5 14. f4 Neg4 15. Bg1
Bd7 16. h3 Nh6 17. Be3 b6 18. Rd1 Nxe4 19. Nxe4 Bxa4 20. Qc2 Nf5 21. Bf2 b5 22.
Nc3 bxc4 23. Bxc4 Bxb3 24. Bxb3 Qb6 25. Ba4+ Kf8 26. O-O Qxb2 27. Rb1 Bxc3 28.
Rxb2 Bxb2 29. Rb1 Nd4 30. Rxb2 1-0

[Event "Reykjavik Open"]
[Site "Reykjavik ISL"]
[Date "2012.03.11"]
[Round "6.45"]
[White "Edvardsen, Ragnar"]
[Black "Karlsson, Bjorn-Ivar"]
[Result "0-1"]
[WhiteElo "2045"]
[BlackElo "2250"]
[WhiteFideId "1502719"]
[BlackFideId "2301687"]
[EventDate "2012.03.06"]

1. e4 c5 2. Nf3 e6 3. d4 cxd4 4. Nxd4 Nf6 5. Nc3 d6 6. Be2 a6 7. Be3 Be7 8. O-O
O-O 9. f4 Nc6 10. Qd2 Qc7 11. Nb3 b5 12. Bf3 Bb7 13. Qf2 Rac8 14. Rae1 Nd7 15.
g4 Na5 16. g5 Nc4 17. Bd4 b4 18. Nd1 e5 19. Be3 Nxe3 20. Qxe3 exf4 21. Qxf4 Qb6+
22. Rf2 Rxc2 23. Ne3 Rxf2 24. Kxf2 Ne5 25. Be2 f6 26. g6 Nxg6 27. Qf5 d5 28.
exd5 Bc8 29. Qe4 f5 30. Qd4 Bh4+ 31. Kf1 Qxd4 32. Nxd4 Bxe1 33. Kxe1 f4 34. Nc4
Nh4 35. Kf2 Bb7 36. Nc6 Bxc6 37. dxc6 Rc8 38. Ne5 a5 39. Ba6 Rc7 40. Bb7 g5 41.
Nc4 Nf5 42. Nxa5 Nd4 43. a3 bxa3 44. bxa3 Kg7 45. a4 h5 46. Ba6 Nxc6 47. Nxc6
Rxc6 48. Be2 Rc2 49. h3 g4 50. hxg4 hxg4 51. Kf1 f3 52. Bd3 Ra2 0-1

[Event "Reykjavik Open"]
[Site "Reykjavik ISL"]
[Date "2012.03.11"]
[Round "6.47"]
[White "Dougherty, Michael"]
[Black "Roberts, Lynda"]
[Result "1-0"]
[WhiteTitle "FM"]
[WhiteElo "2195"]
[BlackElo "1960"]
[WhiteFideId "2601559"]
[BlackFideId "1800191"]
[EventDate "2012.03.06"]

1. b3 e5 2. Bb2 Nc6 3. e3 Be7 4. c4 Nf6 5. Nc3 O-O 6. Nf3 d6 7. d4 exd4 8. Nxd4
Nxd4 9. Qxd4 Bf5 10. Nd5 c6 11. Nxe7+ Qxe7 12. Be2 Rfd8 13. Qf4 Qe6 14. g4 Bg6
15. h4 h6 16. h5 Bh7 17. g5 hxg5 18. Qxg5 Kf8 19. h6 Ke7 20. hxg7 Bg6 21. Bg4 1-0

[Event "Reykjavik Open"]
[Site "Reykjavik ISL"]
[Date "2012.03.11"]
[Round "6.48"]
[White "Sigurjonsson, Siguringi"]
[Black "Bjornsson, Bjorn Freyr"]
[Result "1/2-1/2"]
[WhiteElo "1944"]
[BlackElo "2183"]
[WhiteFideId "2300397"]
[BlackFideId "2300834"]
[EventDate "2012.03.06"]

1. g3 Nf6 2. Bg2 g6 3. Nf3 Bg7 4. d3 d5 5. O-O c5 6. c3 Nc6 7. Re1 O-O 8. Nbd2
e5 9. e4 d4 10. Nc4 dxc3 11. bxc3 Qc7 12. Ne3 Rd8 13. Qc2 b6 14. Bb2 Bb7 15.
Rad1 Rac8 16. Ba3 Ra8 17. Bb2 Rac8 18. Bh3 Ra8 19. Bg2 1/2-1/2

[Event "Reykjavik Open"]
[Site "Reykjavik ISL"]
[Date "2012.03.11"]
[Round "6.50"]
[White "Johannsson, Orn Leo"]
[Black "Van Heirzeele, Daniel"]
[Result "1/2-1/2"]
[WhiteElo "1939"]
[BlackElo "2161"]
[WhiteFideId "2303051"]
[BlackFideId "200425"]
[EventDate "2012.03.06"]

1. d4 Nf6 2. Nf3 e6 3. Bf4 c5 4. e3 Qb6 5. Qc1 Nc6 6. c3 d5 7. Bd3 Bd7 8. Nbd2
Rc8 9. O-O Nh5 10. Bg3 Nxg3 11. hxg3 Bd6 12. dxc5 Bxc5 13. e4 d4 14. Nb3 dxc3
15. Qxc3 Bf8 16. Be2 f6 17. Rad1 Bb4 18. Qd3 Rd8 19. e5 f5 20. Qc4 Be7 1/2-1/2

[Event "Reykjavik Open"]
[Site "Reykjavik ISL"]
[Date "2012.03.11"]
[Round "6.52"]
[White "Ingvason, Johann"]
[Black "Hardarson, Jon Trausti"]
[Result "1/2-1/2"]
[WhiteElo "2132"]
[BlackElo "1688"]
[WhiteFideId "2301431"]
[BlackFideId "2302594"]
[EventDate "2012.03.06"]

1. e4 e5 2. d3 Nf6 3. Nc3 d5 4. exd5 Nxd5 5. Bd2 Nc6 6. Nf3 Be7 7. Nxd5 Qxd5 8.
Ng5 Bf5 9. Qf3 Qxf3 10. Nxf3 O-O-O 11. O-O-O f6 12. Be2 Bc5 13. Be3 Nd4 14. Nxd4
Bxd4 15. g4 Be6 16. h4 h6 17. a3 c6 18. c3 Bxe3+ 19. fxe3 c5 20. Kc2 a5 21. c4
Kc7 22. Kc3 b6 23. Bf3 Bd7 24. d4 exd4+ 25. exd4 cxd4+ 26. Rxd4 Bc6 27. Rxd8
Rxd8 28. Bxc6 Kxc6 29. Re1 Rd7 30. Re6+ Kc7 31. b4 axb4+ 32. axb4 Rf7 33. Kd4 f5
34. gxf5 Rxf5 35. Rg6 Rf4+ 36. Kd5 Rxh4 37. Rxg7+ Kb8 38. Rh7 h5 39. b5 Kc8 40.
Kc6 Kb8 41. Rh6 Rxc4+ 42. Kxb6 h4 43. Rh8+ Rc8 44. Rxh4 Rg8 45. Rh6 Rc8 46. Rd6
Rg8 47. Rc6 Re8 48. Ka6 Rd8 49. Kb6 Re8 50. Rc7 Ka8 51. Rd7 Kb8 52. Ka6 Rg8 53.
Rb7+ Ka8 1/2-1/2

[Event "Reykjavik Open"]
[Site "Reykjavik ISL"]
[Date "2012.03.11"]
[Round "6.53"]
[White "Ragnarsson, Dagur"]
[Black "Andersson, Christin"]
[Result "1-0"]
[BlackTitle "WIM"]
[WhiteElo "1858"]
[BlackElo "2102"]
[WhiteFideId "2304058"]
[BlackFideId "1702947"]
[EventDate "2012.03.06"]

1. c4 e5 2. g3 Nf6 3. Nc3 Be7 4. Bg2 O-O 5. Nf3 Nc6 6. O-O d5 7. cxd5 Nxd5 8. d4
Nxc3 9. bxc3 exd4 10. cxd4 Bf6 11. e3 Bf5 12. Qb3 Be4 13. Nd2 Bxg2 14. Kxg2 Rb8
15. Bb2 Re8 16. Rfe1 Ne7 17. Rad1 c6 18. e4 g6 19. f4 Bg7 20. Nc4 Nc8 21. Ne5
Qc7 22. a4 b5 23. a5 Nd6 24. Qc3 Bxe5 25. dxe5 Nc4 26. e6 Nxb2 27. Rd7 Qxd7 28.
exd7 Red8 29. Qxb2 Rxd7 30. Qc3 Rc7 31. Qc5 a6 32. Rb1 Re8 33. Rb4 Re6 34. f5
Re8 35. Rd4 Rb8 36. f6 h5 37. g4 Kh7 38. gxh5 Rg8 39. Rd3 gxh5+ 40. Rg3 Rxg3+
41. Kxg3 Kh6 42. h4 1-0

[Event "Reykjavik Open"]
[Site "Reykjavik ISL"]
[Date "2012.03.11"]
[Round "6.55"]
[White "Myrstad, Odd Magnus"]
[Black "Ghaderi, Arman K"]
[Result "1-0"]
[WhiteElo "2091"]
[BlackElo "1772"]
[WhiteFideId "1504851"]
[BlackFideId "1511890"]
[EventDate "2012.03.06"]

1. e4 c5 2. Nf3 d6 3. d4 cxd4 4. Nxd4 Nf6 5. Nc3 g6 6. Be3 Bg7 7. f3 O-O 8. Qd2
Nc6 9. O-O-O Nxd4 10. Bxd4 Be6 11. Kb1 Qc7 12. g4 Rfc8 13. h4 Qa5 14. a3 Rab8
15. h5 b5 16. Nd5 Qxd2 17. Nxf6+ Bxf6 18. Rxd2 Bxd4 19. Rxd4 Kg7 20. Rd2 b4 21.
a4 b3 22. Bb5 Bc4 23. hxg6 hxg6 24. g5 Bxb5 25. Rdh2 bxc2+ 26. Kc1 f6 27. Rh7+
Kf8 28. gxf6 exf6 29. axb5 Kg8 30. f4 Re8 31. Kxc2 Rec8+ 32. Kd3 f5 33. exf5
gxf5 34. Kd4 Re8 35. Kd3 Rec8 36. Rh8+ Kf7 37. R8h7+ Kg8 38. R7h5 Rf8 39. Kc4
Rfc8+ 40. Kd5 Rxb5+ 41. Ke6 Re8+ 42. Kf6 Rf8+ 43. Kg6 Rf6+ 44. Kxf6 Rb8 45. Rh8# 1-0

[Event "Reykjavik Open"]
[Site "Reykjavik ISL"]
[Date "2012.03.11"]
[Round "6.56"]
[White "Kjartansson, Dagur"]
[Black "Vrban, Damir"]
[Result "1/2-1/2"]
[WhiteElo "1528"]
[BlackElo "2152"]
[WhiteFideId "2303299"]
[BlackFideId "14508630"]
[EventDate "2012.03.06"]

1. c4 f5 2. Nc3 Nf6 3. g3 g6 4. Bg2 Bg7 5. e3 O-O 6. Nge2 c6 7. O-O d6 8. b3 a5
9. Bb2 Na6 10. d4 Qc7 11. d5 Bd7 12. Rc1 Rac8 13. Nd4 Nc5 14. a3 e5 15. dxe6
Nxe6 16. Re1 Rce8 17. Qd2 Ng5 18. f3 Nf7 19. a4 Re7 20. Re2 Rfe8 21. Rce1 Qb6
22. Kh1 Nh5 23. Qc2 Qc5 24. Nb1 Qa7 25. f4 Nf6 26. h3 Ne4 27. Kh2 Nc5 28. Nd2
Ne6 29. Nxe6 Bxe6 1/2-1/2

[Event "Reykjavik Open"]
[Site "Reykjavik ISL"]
[Date "2012.03.11"]
[Round "6.57"]
[White "Langer, Michael"]
[Black "Helin, Mikael"]
[Result "1-0"]
[WhiteTitle "FM"]
[WhiteElo "2217"]
[BlackElo "1884"]
[WhiteFideId "2015064"]
[BlackFideId "1703838"]
[EventDate "2012.03.06"]

1. e4 c5 2. Nf3 a6 3. c3 d5 4. exd5 Nf6 5. c4 e6 6. dxe6 Bxe6 7. d4 cxd4 8. Nxd4
Bc5 9. Be3 Ng4 10. Nc3 Nxe3 11. fxe3 Qg5 12. Qd2 Nc6 13. O-O-O Qh6 14. Ne4 Bb4
15. Qf2 O-O-O 16. Kc2 Rhe8 17. Nxc6 Rxd1 18. Nxb4 Bg4 19. Nc3 Rd6 20. Nbd5 Qe6
21. Bd3 h6 22. h3 Bh5 23. e4 g5 24. c5 Rc6 25. b4 Bg6 26. Rd1 Kb8 27. Qg3+ Qe5
28. Qxe5+ Rxe5 29. Rf1 b5 30. Nf6 Kc7 31. Ncd5+ Kd8 32. Kc3 Rc8 33. Kd4 Re6 34.
Be2 Rec6 35. Bg4 Ra8 36. Bd7 Re6 37. Bxe6 fxe6 38. Nb6 Ra7 39. Ke5 a5 40. Rd1+
Kc7 41. Rd7+ Kb8 42. Rxa7 Kxa7 43. Kd6 axb4 44. Nbd7 h5 45. c6 g4 46. c7 Kb7 47.
Nb6 1-0

[Event "Reykjavik Open"]
[Site "Reykjavik ISL"]
[Date "2012.03.11"]
[Round "6.60"]
[White "Mehringer, Joerg"]
[Black "Sigurjonsson, Stefan Th."]
[Result "0-1"]
[WhiteElo "1903"]
[BlackElo "2117"]
[WhiteFideId "12915351"]
[BlackFideId "2301008"]
[EventDate "2012.03.06"]

1. e4 e6 2. d4 d5 3. e5 c5 4. c3 Nc6 5. Nf3 Qb6 6. a3 f6 7. Be2 fxe5 8. Nxe5
cxd4 9. Nxc6 bxc6 10. cxd4 Nf6 11. O-O Bd6 12. Bh5+ g6 13. Bf3 O-O 14. Nc3 Kg7
15. Re1 Bd7 16. h3 Rae8 17. Na4 Qc7 18. b4 e5 19. Be3 e4 20. Be2 Qc8 21. Bf1 Nh5
22. Nc5 Bb8 23. Nxd7 Qxd7 24. Qg4 Qd6 25. g3 Rf7 26. Rac1 Ref8 27. Rc2 Rf3 28.
Bg2 Nxg3 29. Bxf3 Rxf3 30. Rec1 Nf5 31. Re1 Qh2+ 32. Kf1 Ng3+ 0-1

[Event "Reykjavik Open"]
[Site "Reykjavik ISL"]
[Date "2012.03.11"]
[Round "6.61"]
[White "Karlsson, Mikael Johann"]
[Black "Thorsteinsdottir, Gudlaug"]
[Result "1-0"]
[BlackTitle "WFM"]
[WhiteElo "1884"]
[BlackElo "2085"]
[WhiteFideId "2305194"]
[BlackFideId "2300753"]
[EventDate "2012.03.06"]

1. c4 e5 2. g3 d6 3. Bg2 f5 4. Nc3 Nf6 5. d4 Be7 6. e3 O-O 7. Nge2 c6 8. b4 e4
9. b5 Be6 10. d5 Bf7 11. O-O cxd5 12. cxd5 Nbd7 13. f3 exf3 14. Rxf3 g6 15. Rf1
Qb6 16. Nd4 Nc5 17. a4 Ng4 18. Nce2 Bg5 19. Nf4 Rae8 20. Re1 Bf6 21. h3 Ne5 22.
a5 Qc7 23. Kh2 Qd7 24. Ba3 Nc4 25. Bxc5 dxc5 26. Nde6 Bxe6 27. Nxe6 Rf7 28. Rb1
Qd6 29. b6 Be5 30. Qa4 Bxg3+ 31. Kh1 Rxe6 32. dxe6 Qxe6 33. bxa7 Rf8 34. Re2 Nd6
35. a6 f4 36. Qa2 c4 37. exf4 Qf5 38. axb7 1-0

[Event "Reykjavik Open"]
[Site "Reykjavik ISL"]
[Date "2012.03.11"]
[Round "6.62"]
[White "Fivelstad, Jon Olav"]
[Black "Doell, Detlef"]
[Result "1/2-1/2"]
[WhiteElo "1879"]
[BlackElo "2067"]
[WhiteFideId "1510339"]
[BlackFideId "4659449"]
[EventDate "2012.03.06"]

1. Nf3 Nf6 2. c4 g6 3. g3 Bg7 4. Bg2 d6 5. d4 O-O 6. O-O Nc6 7. Nc3 Bg4 8. h3
Bxf3 9. Bxf3 Nd7 10. e3 e5 11. Ne2 Qf6 12. Bxc6 bxc6 13. b3 Qe6 14. Kh2 c5 15.
Bb2 f5 16. Qd2 Bh6 17. dxe5 Nxe5 18. Qd5 Qxd5 19. cxd5 Bg7 20. Kg2 Nd3 21. Bxg7
Kxg7 22. Rfd1 Ne5 23. Rac1 Rab8 24. Nf4 1/2-1/2

[Event "Reykjavik Open"]
[Site "Reykjavik ISL"]
[Date "2012.03.11"]
[Round "6.63"]
[White "Mikalsen, Erlend"]
[Black "Jonsson, Olafur Gisli"]
[Result "1-0"]
[WhiteElo "2083"]
[BlackElo "1877"]
[WhiteFideId "1507338"]
[BlackFideId "2302705"]
[EventDate "2012.03.06"]

1. e4 e5 2. Bc4 Nc6 3. Nf3 Nf6 4. d3 Bc5 5. c3 a6 6. Nbd2 Ba7 7. Bb3 d6 8. Nf1
O-O 9. Ng3 Be6 10. O-O h6 11. Qe2 Bxb3 12. axb3 Qe7 13. Nh4 Qe6 14. b4 Rad8 15.
Nhf5 Kh7 16. b5 axb5 17. Rxa7 Nxa7 18. Qe3 Nc6 19. Nxg7 Kxg7 20. Nf5+ Kg8 21.
Qg3+ Ng4 22. Qxg4+ Qg6 23. Nxh6+ Kg7 24. Nf5+ Kg8 25. Qh4 f6 26. f4 Kf7 27. d4
Rh8 28. Qe1 Rdg8 29. Qe2 Ke8 30. fxe5 dxe5 31. Rf2 Qh5 32. Qxh5+ Rxh5 33. Ne3
exd4 34. Nd5 Rxd5 35. exd5 Ne5 36. cxd4 Nd3 37. Rc2 Nxc1 38. Rxc1 Kd7 39. Rc5
Rg5 40. Rxb5 b6 41. Kf2 Kd6 42. Kf3 1-0

[Event "Reykjavik Open"]
[Site "Reykjavik ISL"]
[Date "2012.03.11"]
[Round "6.64"]
[White "Thorell, Viktor"]
[Black "Gunnlaugsson, Gisli"]
[Result "1-0"]
[WhiteElo "2034"]
[BlackElo "1875"]
[WhiteFideId "1715488"]
[BlackFideId "2301776"]
[EventDate "2012.03.06"]

1. Nf3 d5 2. b3 Nf6 3. Bb2 e6 4. e3 c5 5. Ne5 Nbd7 6. Bb5 a6 7. Bxd7+ Bxd7 8. f4
Rc8 9. O-O Bc6 10. d3 Be7 11. Nd2 b5 12. Ndf3 Bb7 13. Ng5 O-O 14. Rf3 Nd7 15.
Nxd7 Qxd7 16. Rh3 Bxg5 17. Qh5 f6 18. Qxh7+ Kf7 19. fxg5 Ke8 20. Rf1 d4 21. e4
Kd8 22. Bc1 Kc7 23. Rhf3 Rf7 24. Bf4+ Kb6 25. Qg6 Rcf8 26. Be5 f5 27. Rxf5 Rxf5
28. Rxf5 Rxf5 29. exf5 Bc8 30. Bxg7 1-0